000 01080nam a2200289Ia 4500
005 20220317001518.0
008 161108s2015 ck ao g 000 f s
020 _a9789584244222
100 1 _aRobles, Juan Manuel
_d1978-
245 1 0 _aNuevos juguetes de la Guerra Fría
_cJuan Manuel Robles
250 _a1a. edición
300 _a446 páginas
_bilustraciones, fotografías en blanco y negro
_c23 cm
490 _aBiblioteca breve
505 _aMensajes desde el espacio -- El Che mirando la televisión -- La cobra somos todos -- EL poder de Grayskull -- Lápiz tornituerqui
650 1 4 _2LEMB
_aNovela peruana
_ySiglo XX
650 1 4 _2LEMB
_aLiteratura peruana
_ySiglo XX
650 1 4 _2LEMB
_aNovela de ciencia ficción
650 1 4 _2LEMB
_aFantasía en la literatura
650 1 4 _2LEMB
_aPolítica en la literatura
942 _2loc
_cBKLIT
264 _aBogotá
_bseix Barral
_c2015
336 _atexto
_btxt
_2rdacontent
337 _asin mediación
_bn
_2rdamedia
338 _avolumen
_bnc
_2rdacarrier
040 _aCO-BoRNBP
_bspa
_erda
_cCO-BoRNBP
084 _aN ROB18
999 _c7209
_d7209